00341nam a2200121Ia 4500008004100000041000800041082002000049100003300069245005900102260003200161300000800193502001800201230128s9999 xx 000 0 und d aeng aGAI PR0425bGAI aGaikwad Dhanashree (2K91125) aRetail Lending With Specific Reference to Housing Loan c2011bPune UniversityaPune a71p cGhate Madhuri